Códigos de la República de Chile

Uloženo v:
Podrobná bibliografie
Médium: Kniha
Jazyk:španělština
Vydáno: Santiago s.n 1958
Témata:
Tagy: Přidat tag
Žádné tagy, Buďte první, kdo vytvoří štítek k tomuto záznamu!

MARC

LEADER 00000nam a2200000 a 4500
001 UCS3664
003 CL-VaPUC
008 970704e19580000cl |||||||||||||||||spa|d
082 0 4 |a 348.023  |b COD  |2 21 
245 1 0 |a Códigos de la República de Chile 
246 1 0 |a Código civil: edición oficial 
246 1 0 |a Código de aguas: edición oficial 
246 1 0 |a Código de procedimiento civil: edición oficial 
246 1 0 |a Código orgánico de tribunales: edición oficial 
246 1 0 |a Código de comercio: edición oficial 
246 1 0 |a Código de minería: edición oficial 
246 1 0 |a Código del trabajo: edición oficial 
300 |a v 
942 |c BK 
945 |d 19970704 00:00:00  |a lriquelm 
260 |a Santiago  |b s.n  |c 1958 
500 |a v.2: Código civil, Código de aguas, Código de procedimiento civil, Código orgánico de tribunales 
500 |a v.3: Código de comercio, Código de minería, Código del trabajo 
650 0 |a Códigos  |9 352314 
650 0 |a Derecho civil  |9 255013 
650 0 |a Derecho de aguas  |9 257148 
650 7 |a DERECHO DE PROCEDIMIENTO CIVIL  |2 CL-VaPUC  |9 352922 
650 0 |a Código orgánico de tribunales  |9 256731 
650 0 |a Código de comercio   |9 329302 
650 0 |a Código de minería   |9 256729 
650 0 |a Código del trabajo  |9 255479 
651 7 |a CHILE  |2 CL-VaPUC  |9 389882 
583 |a last modification  |c 20180102 04:34:14  |k Rodrigo Vera 
999 |c 261300  |d 261298 
952 |0 0  |1 0  |2 ddc  |4 0  |5 1  |6 348_023000000000000_COD_1958  |7 1  |8 C_LRYV  |9 288628  |a FDOBRV  |b BIBDER  |d 2019-11-19  |h v.2  |i 1869248  |o 348.023 COD 1958  |p 1869248  |r 2023-01-25  |w 2019-11-19  |y BK_X  |k BRV 
952 |0 0  |1 0  |2 ddc  |4 0  |5 1  |6 348_023000000000000_COD_1958  |7 1  |8 C_LRYV  |9 288629  |a FDOBRV  |b BIBDER  |d 2019-11-19  |h v.3  |i 3241963  |o 348.023 COD 1958  |p 3241963  |r 2023-01-25  |w 2019-11-19  |y BK_X  |k BRV